01190nam a2200241Ia 450000100060000000300090000600800410001504000130005604000130006904100130008210000190009510000290011424500630014324500620020625000110026826000120027926000100029126000490030130000430035050004850039365000390087865000310091724764IT-RoPAU130308s9999 xx 000 0 und d aIT-RoPAU cIT-RoPAU aITALIANO aGrandi Roberto gCodice Aut. SPICS: 5883 aComunicazioni di massa -Teorie, contesti e nuovi paradigmi bComunicazioni di Massa-Teorie, Contesti e Nuovi Paradigmi a1a ed. aBOLOGNA bClueb c1984 [1° Ed.:1984 - Ed.Ling.Originale:1984] a"228 p. (prefazione: no ; testo: 228)" aTeoria Ipodermica Ricerca Sulla Ricerca Sugli Effetti Analisi del Contenuto Crisi e Fermenti Dibattito Sulla Cultura di Massa Rapporto Media Cultura Approccio marxista Contesto telematico Sviluppo dell'informatica Sviluppo delle Telecomunicazioni Nuovo Ambiente delle comunicazioni di Massa Rete Integrata Digitalizzata Analisi Dello scenario telematico nuove tecnologie colonizzazione del Mondo della Vita e Agire Comunicativo funzionalismo Sistemico e Teoria della Comunicazione aTEORIA DELLA COMUNICAZIONE SOCIALE eCodice materia Spics: 3802